000
00475nam a2200145Ia 4500
008
100122s9999 xx 000 0 und d
082
_b
67443
_a
928
100
_a
पिटकर शैला
245
_a
मराठीतून कबीरबोध
260
_b
नीहारा प्रकाशन
_c
2004
300
_a
176
630
_a
मराठीतून कबीरबोध
730
_a
मराठीतून कबीरबोध
942
_c
BOOK
999
_c
439515
_d
439512